000
00303nam a2200121Ia 4500
008
220216s9999 xx 000 0 und d
100
_a
Majumdar Samir
245
0
_a
Conicity problem in radial tyre
260
_b
The Rubber International
_c
2013
300
_a
39-49
650
_a
Radial tyre
942
_c
JS
999
_c
56165
_d
56165